000 01598nam0a2200373 4500
001 RU\NLR\bibl\735462
005 20260406053913.0
010 _a5-88879-039-7
_95000
021 _aRU
_b2004-57228
_92817
035 _aRSL-KNO-002478409
035 _a(NLR Aleph) 000725386
090 _a728998
_c728998
100 _a20040921d2004 |||y0rusy50 ca
101 0 _arus
102 _aRU
105 _aa |||||||||
106 _ar
200 1 _aСлово об обожении
_f[редкол.: архим. Никон (Иванов), протоиерей Николай (Лихоманов)]
210 _aМ.
_cСибир. Благозвонница
_d2004
_gТип. АО Мол. гвардия
215 _a172,[2] с.
_cил.
_d21
225 1 _aСерия "Начала познания вещей божественных и человеческих"
606 1 _aБогословие православное
_yРоссия
_91149792
_3RU\NLR\auth\66140535
610 0 _aРелигия -- Христианство -- Православие -- Русская православная церковь -- Вероучение -- Религиозная догматика -- Бог
610 0 _aобожение
686 _aЭ372.24-421.1,0
_2rubbk
686 _aЭ372.24-42
702 0 _4340
_8rus
_7ca
_aНикон
_cИванов
_cархимандрит
_3RU\NLR\AUTH\778564
_9118466
801 0 _aRU
_bRuMoRKP
_c20040921
_grcr
801 1 _aRU
_bRuMoRGB
_c20040921
801 2 _aRU
_bNLR
_c20050315
_gPSBO
942 _cBOOK
980 _aNB